000 01356nam a2200229Ia 4500
999 _c27566
_d27566
003 OSt
005 20210203161631.0
008 160316s2010 xxu||||| |||| 00| 0 eng d
020 _a9780455227498
040 _cnls
082 _a347.017000
_bSPR
100 _aSpry I C F
245 _aThe principles of equitable remedies : Injuctions, specifiic performance, and equitagle damages
250 _a8th
260 _aEngland
_bSweet & Maxwell
_c2010
300 _a723
_cxxi
365 _bRs. 15,983
505 _aTable of Contents. Preface to the First Edition; Preface to the Eight Edition; Table of Cases; Chapter 1 The technique of equity; Chapter 2 Territorial limitations of equitable jurisdiction; Chapter 3 The specific performance of contracts; Chapter 4 Injunctions; Chapter 5 The enforcement of contracts by injunction; Chapter 6 Rectification; Chapter 7 The award of damages in equity; Appendix A – The enforcement of undertakings as to damages; Appendix B – Property rights enforced by injunction; Appendix C – Orders to carry on business: Co-operative insurance society let v. Argyll stores (Holding) ltd.; Appendix D – Patrick stevedores operations No. 2 pty.ltd. v. Maritime union of Australia; Maritime Union o Australian Cases; Index.
650 _a1.Equitable Remedies
700 _a
_a
942 _2ddc
_cBK